000 00877nam0a22002891 4500
001 RU\NLR\INFOCOMM15\ROSSICA\1000015407
005 20260406041043.0
035 _a(NLR Aleph) 009923650
090 _a10680450
_c10680450
100 _a20031024d1912 |||y0rusy50 ca
101 1 _alav
102 _aRU
105 _ay ||||000ay
200 1 _aHadschi-Murats
_fStahsts no L.N.Tolstoja
_gTulkojis A.Buhmanis
210 _aPeterburgâ
_d1912
215 _d32°
225 1 _aUniwersalà Biblioteka
_v№57/58
700 1 _9z01790
_aTolstoj
_bL.N.
_f1828-1910
_gLev Nikolaevič
_4070
702 1 _aBuhmanis
_bA.
_4730
790 1 _4070
_8rus
_7ba
_aTolstoj
_bL. N.
_f1828-1910
_gLev Nikolaevič
_3RU\NLR\AUTH\771516
_9111538
801 1 _aRU
_bInfoComm
_c20031024
801 0 _aRU
_bNLR
_gPSBO
852 _aNLR
_j27.1.2.36
942 _cBOOK
980 _aNB
980 _aRossica